Prácticas de botánica; primer curso del ciclo básico /
Guardado en:
| Autor Principal: | |
|---|---|
| Formato: | Libro |
| Publicado: |
Buenos Aires :
Kapelusz,
1973
|
| Materias: | |
| Etiquetas: |
Agregar Etiqueta
Sin Etiquetas, Sea el primero en etiquetar este registro!
|
| LEADER | 00913nam a22002295a 4500 | ||
|---|---|---|---|
| 001 | CEM.cems004665 | ||
| 008 | 130507s1973##################000#0#####d | ||
| 005 | 20240410132717.0 | ||
| 245 | 1 | 0 | |a Prácticas de botánica; primer curso del ciclo básico / |
| 260 | |a Buenos Aires : |b Kapelusz, |c 1973 | ||
| 300 | |a s.p. | ||
| 100 | 1 | |a Nieva de Crisci, Marta I. | |
| 082 | 0 | 4 | |a 580 |
| 653 | |a Botanica | ||
| 653 | |a Botanica-practicas | ||
| 859 | |a CEMS |b BIB. CEMS - 11 de abril |h 580 |i N559 |p 11681.83 |t Ej.1 | ||
| 859 | |a CEMS |b BIB. CEMS - 11 de abril |h 580 |i N559 |p 11680.83 |t Ej.2 | ||
| 859 | |a CEMS |b BIB. CEMS - Agricultura |h 580 |i N559 |p A12594.83 |t Ej.3 | ||
| 859 | |a CEMS |b BIB. CEMS - 11 de abril |h 580 |i N559 |p 12595.83 |t Ej.4 | ||
| 859 | |a CEMS |b BIB. CEMS - Agricultura |h 580 |i N559 |p A12596.83 |t Ej.5 | ||
| 859 | |a CEMS |b BIB. CEMS - 11 de abril |h 580 |i N559 |p 12597.83 |t Ej.6 | ||
| 859 | |a CEMS |b BIB. CEMS - 11 de abril |h 580 |i N559 |p 12598.83 |t Ej.7 | ||
